000 00399nam a2200145Ia 4500
008 151213s9999 xx 000 0 und d
100 _aDougald B. Maclachen
245 _aCliffs Notes on Keats & Shelley
_cDougald B. Maclachen
260 _aLincoln
_bCliffs Notes
300 _a3557 p.
650 _aEnglish Literature
650 _aLiterature
700 _aDougald B. Maclachen
999 _c2360
_d2360